Elijah Wood Movies - Statistics

General Stats
  • This quiz has been taken 16 times
  • The average score is 9 of 70
Answer Stats
Hint Answer % Correct
2001 The Lord of the Rings: The Fellowship of the Ring
93%
2003 The Lord of the Rings: The Return of the King
93%
1993 The Good Son
60%
2005 Sin City
47%
2012 The Hobbit: An Unexpected Journey
47%
1998 Deep Impact
40%
2006 Happy Feet
40%
1994 North
40%
1998 The Faculty
40%
1989 Back to the Future Part II
33%
1992 Radio Flyer
33%
1993 The Adventures of Huck Finn
33%
2002 The Lord of the Rings: The Two Towers
27%
2004 Eternal Sunshine of the Spotless Mind
20%
1992 Forever Young
20%
2013 Grand Piano
20%
2005 Green Street Hooligans
20%
2012 Maniac
20%
1997 The Ice Storm
20%
2019 Come to Daddy
13%
1996 Flipper
13%
2011 Happy Feet Two
13%
2008 The Oxford Murders
13%
TBD The Toxic Avenger
13%
2009 9
7%
2002 Ash Wednesday
7%
1990 Avalon
7%
2006 Bobby
7%
2000 Chain of Fools
7%
2019 Color Out of Space
7%
2014 Cooties
7%
2018 Mandy
7%
2013 Pawn Shop Chronicles
7%
1999 The Bumblebee Flies Anyway
7%
2016 The Trust
7%
1994 The War
7%
2013 The Wind Rises
7%
2002 Try Seventeen
7%
2014 A Girl Walks Home Alone at Night
0%
2020 Archenemy
0%
1999 Black and White
0%
2012 Celeste and Jesse Forever
0%
1990 Child in the Night
0%
2019 Daniel Isn't Real
0%
1992 Day-O
0%
2007 Day Zero
0%
2005 Everything is Illuminated
0%
2017 I Don't Feel at Home in This World Anymore.
0%
1990 Internal Affairs
0%
TBD It Was Cruel
0%
2017 Kuso
0%
TBD L.A. Rush
0%
2013 LFO
0%
2013 McCanick
0%
2021 No Man of God
0%
2014 Open Windows
0%
1991 Paradise
0%
2006 Paris, je t'aime
0%
2012 Revenge for Jolly!
0%
2014 Set Fire to the Stars
0%
2003 Spy Kids 3-D: Game Over
0%
2002 The Adventures of Tom Thumb & Thumbelina
0%
2015 The Boy
0%
2016 The Greasy Strangler
0%
2014 The Incident
0%
2015 The Last Witch Hunter
0%
TBD The Man with Kaleidoscope Eyes
0%
2010 The Romantics
0%
2012 Toad Road
0%
2012 Treasure Island
0%
No matching quizzes found
Score Distribution
Percent of People with Each Score
Percentile by Number Answered
Your Score History
You have not taken this quiz